FAO fisheries report N547: Report of the technical consultation on reduction of wastage in fisheries, held at Tokyo, Japan, 28 October - 1 November 1996

Enregistré dans:
Détails bibliographiques
Auteur principal: FAO
Format: Livre
Langue:Undetermined
Publié: Rome FAO 1997
Sujets:
Tags: Ajouter un tag
Pas de tags, Soyez le premier à ajouter un tag!
Thư viện lưu trữ: Trung tâm Học liệu Trường Đại học Cần Thơ
LEADER 00578nam a2200181Ia 4500
001 CTU_16935
008 210402s9999 xx 000 0 und d
082 |a 639 
082 |b R425/N547 
100 |a FAO 
245 0 |a FAO fisheries report N547: Report of the technical consultation on reduction of wastage in fisheries, held at Tokyo, Japan, 28 October - 1 November 1996 
245 0 |c FAO 
260 |a Rome 
260 |b FAO 
260 |c 1997 
650 |a fisheries 
904 |i Nguyễn Quang Điền, 970611 
980 |a Trung tâm Học liệu Trường Đại học Cần Thơ